Villes présentes en Ligue A sur une carte. - Statistiques

Statistiques générales
  • Ce quiz a été pris 130 fois
  • Le résultat moyen est 8 sur 14
Réponses sur la Carte
Les réponses sont colorées sur une échelle allant du rouge au vert en fonction du pourcentage des utilisateurs qui les ont devinées à leur premier essai. Vous pouvez retrouver ces pourcentages ci-dessous.
 
Statistiques - réponses
Ville % Correct
Nice
97%
Montpellier
91%
Nantes
88%
Toulouse
86%
Paris
79%
Tours
66%
Poitiers
61%
Narbonne
60%
Saint-Nazaire
57%
Tourcoing
53%
Sète
47%
Chaumont
39%
Cambrai
19%
Le Plessis-Robinson
7%
Aucun quiz correspondant
Distribution des résultats
% des personnes avec chaque résultat
Percentile par nombre de réponses
Votre historique - résultats
Vous n’avez pas pris ce quiz